000 01353nam a2200265Ia 4500
999 _c56684
_d56684
001 23806
003 GE_BSU
005 20191031121816.0
008 181216s2005|||| |||||||||||||| ||geo||
020 _a9994002090
040 _cGE_BSU
041 _ageo
080 _a398.33(=353.1):39(=353.1) ო-91
100 _aოჩიაური, ალექსი.
_968
245 _aქართული ხალხური დღეობების კალენდარი : ხევსურეთი II (ბუდე-ხევსურეთი, შატილ-მიღმახევი) /
_cალექსი, ოჩიაური ; რედ : თ. ოჩიაური.
264 _aთბილისი :
_b[ენა და კულტურა],
_c2005.
300 _a399 გვ .:
_c 29 სმ.
504 _aბიბლიოგრაფ.გვ:391-399
541 _h12ლ.
653 _aქართული ხალხური დღეობები
653 _aხევსურეთის ეთნოგრაფია
653 _aეთნოგრაფია ეთნოლოგია ზნე-ჩვეულებანი ხალხთა ცხოვრება.ფოლკლორი
700 _aოჩიაური, თ
_eრედაქტორი
_969
942 _cBK
_2udc